000 00456nam a22001577a 4500
005 20240108125916.0
008 190427b xxu||||| |||| 00| 0 eng d
020 _a978-81-85790-24-4
041 _aeng
100 _aKALE, SHRADDHA R. AND KALE,RAJENDRA. R.
_94955
245 _aA TEXTBOOK OF PHARMACOLOGY AND TOXICOLOGY : FOR SECOND YEAR DIPLOMA IN PHARMACY
260 _aPUNE
_bNIRALI PRAKASHAN
300 _a17.36 p,
650 _aPHARMACY
942 _cBK
999 _c5836
_d5834